| 000 | 03201cam a22006494i 4500 | ||
|---|---|---|---|
| 003 | PE-LiUPU | ||
| 005 | 20250731180152.0 | ||
| 008 | 110329s2010 sp a 001 0 spa d | ||
| 020 | _a843682430X | ||
| 020 | _a9788436824308 | ||
| 035 | _a(Sirsi) i9788436824308 | ||
| 040 |
_aBNM _bspa _cBNM _dCKJAV _dSUE _dPE-LiUPU _erda |
||
| 049 | _aPRUA | ||
| 080 | _a574 | ||
| 082 | 0 | 4 |
_a574.5 _bR76 |
| 082 | 0 | 4 |
_a574 _bR76 2010 |
| 100 | 1 |
_aRodríguez Martínez, Jaime, _eautor. |
|
| 245 | 1 | 0 |
_aEcología / _cJaime Rodríguez Martínez ; colaboradores, José María Blanco Martín, Valeriano Rodríquez Martínez. |
| 250 | _aSegunda edición. | ||
| 264 | 1 |
_aMadrid : _bPirámide, _c2010 |
|
| 300 |
_a502 páginas : _bilustraciones ; _c24 centímetros. |
||
| 336 |
_atext _2rdacontent |
||
| 337 |
_aunmediated _2rdamedia |
||
| 338 |
_avolume _2rdacarrier |
||
| 504 | _aIncluye referencias bibliográficas e índice | ||
| 505 | 0 | _aEcología: del organismo al ecosistema -- La biosfera: Diversidad y acoplamiento metabólico -- El sosporte físico -- Ciclos biogeoquímicos en gradientes redox -- Flujo de energía y producción biológica -- Dinámica de poblaciones aisladas -- Interacciones entre especies -- Colonización y extinción -- Estructura y dinámica de comunidades -- Sucesión ecológica y estabilidad -- Ecología y conservación en el antropoceno -- Modelos en ecología -- Modelo general de difusión-advección -- Medida y unidades de la energía electromagnética -- Relaciones alométricas e importancia del tamaño individual -- Dinámica de la población de Homo Sapiens. | |
| 526 | _aSEG44 | ||
| 526 | _aSEG26 | ||
| 526 | _aP159 | ||
| 526 | _aP155 | ||
| 526 | _aP154 | ||
| 526 | _aP153 | ||
| 526 | _aP150 | ||
| 526 | _aP100 | ||
| 526 | _aP31 | ||
| 526 | _aP30 | ||
| 526 | _aP26 | ||
| 526 | _aP25 | ||
| 526 | _aP24 | ||
| 526 | _aP22 | ||
| 526 | _aP15 | ||
| 526 | _aP10 | ||
| 650 | 7 |
_aEcología _2embne _92193 |
|
| 650 | 0 | 4 |
_aEcología. _92193 |
| 700 | 1 |
_aBlanco Martín, José María _d1965- , _ecolaborador. |
|
| 700 | 1 |
_aRodríguez Martínez, Valeriano, _ecolaborador. |
|
| 910 |
_btqv _crmch _d20170125 |
||
| 942 |
_2ddc _cBOOK |
||
| 949 |
_a574 R76 2010 _wDEWEY _c1 _iFJ06026 _lCCODEBUJ1 _mBUJ _p46.90 _r0 _sY _tBOOK _u2017-01-25 _xINGENIERIA _PP24 _0COMPRA _o.STAFF. Colección General Juliaca |
||
| 949 |
_a574 R76 2010 _wDEWEY _c2 _iFJ01997 _lCCODEBUJ1 _mBUJ _p46.90 _r0 _sY _tBOOK _u2017-02-20 _xINGENIERIA _PP24 _0COMPRA _o.STAFF. Colección General Juliaca |
||
| 994 |
_aC0 _bPEPRU |
||
| 596 | _a1 3 | ||
| 999 |
_a574.5 R74 _wDEWEY _c55662 _i68250 _d55662 _e2018-5-20 _f2021-11-9 _g7 _lCCODEBUL1 _mBUL _n1 _p60.00 _r0 _sY _tBOOK _u2015-7-6 _xINGENIERIA _PP24 _0COMPRA _o.STAFF. Colección General |
||
| 999 |
_a574 R76 2010 _wDEWEY _c1 _iFJ06026 _d2019-4-11 _e2017-3-31 _f2022-1-25 _g5 _lCCODEBUJ1 _mBUJ _n1 _p46.90 _q1 _r0 _sY _tBOOK _u2017-1-25 _xINGENIERIA _PP24 _0COMPRA _o.STAFF. Colección General Juliaca |
||
| 999 |
_a574 R76 2010 _wDEWEY _c2 _iFJ01997 _d2019-4-3 _f2022-1-25 _g4 _lCCODEBUJ1 _mBUJ _p46.90 _q2 _r0 _sY _tBOOK _u2018-1-8 _xINGENIERIA _PP24 _0COMPRA _o.STAFF. Colección General Juliaca |
||
| 980 |
_81 _gALBERTO SANCHEZ Responsable de Automatización |
||